Die bleierne Zeit [DVD видео] (Запис номер 227274)
[ съкратено ]
| 000 -Лидер | |
|---|---|
| Контролно поле с фиксирана дължина | 01206ngm a2200361 a 4500 |
| 003 - Код на организацията, давaща контролен номер | |
| Контролно поле | BLK |
| 005 - Дата и час на последна редакция | |
| Контролно поле | 20240607165312.0 |
| 008 - Елементи от данни с фиксирана дължина | |
| fixed length control field | 180410b bul||n||s|||||||| mlbulo| |
| 010 ## - Наследен системен номер | |
| LC control number | CDD00008262000 |
| 040 ## - Източник на каталожния запис | |
| Идентификатор на билиотеката - собственик на записа | BLK |
| 041 ## - Код за език | |
| Код за езика на текст/звукозапис или на отделно заглавие | Немски |
| Код за езика КДБФ | Немски |
| 072 #7 - Код за тематичната категория | |
| Код организация | bullib |
| Код за тематична категория | Ф0601 |
| Текст | Игрални филми Ф |
| 080 ## - УДК | |
| Текстов определител УДК | Художествени филмови жанрове |
| УДК код - определител по УДК | 791.221/.228 |
| УДК - код + определител | 791.221/.228 |
| 139 ## - Редно поле | |
| Редна дума | Die bleierne Zeit [DVD видео] |
| Авторски знак | Ble - B 65 |
| 245 10 - Сведения за заглавието | |
| Заглавие | Die bleierne Zeit [DVD видео] |
| Подзаглавни данни | Spielfilm |
| Редно поле (дума) | drehbuchaut. und reg. Margarete von Trotta; darst. Jutta Lampe; darst. Barbara Sukowa; darst. Rudiger Vogler. |
| 257 ## - Страна на издаване | |
| Страна на създаване/издаване | Германия |
| 260 ## - Област на издателските данни | |
| Година на издаване | 2013 |
| Дата на отпечатване | 1981 |
| 300 ## - Физическа характеристика | |
| Размери/Мащаб | 12 см |
| Страници | 1 DVD |
| Илюстрации и др. | цв. |
| 306 ## - Продължителност на изпълнението | |
| Времетраене | 103 мин. |
| 380 ## - Жанр | |
| Жанр | Изкуство |
| 659 ## - Тематичен бюлетин | |
| Тематичен бюлетин | Ф |
| 700 1# - Други автори (авторска отговорност) | |
| Лично име | Trotta, Margarete von |
| Автороска отговорност (Описва отношението между автора и произведението) | drehbuchaut. und reg. |
| 9 (RLIN) | 26650 |
| 700 1# - Други автори (авторска отговорност) | |
| Лично име | Lampe, Jutta |
| Автороска отговорност (Описва отношението между автора и произведението) | darst. |
| 9 (RLIN) | 16404 |
| 700 1# - Други автори (авторска отговорност) | |
| Лично име | Sukowa, Barbara |
| Автороска отговорност (Описва отношението между автора и произведението) | darst. |
| 9 (RLIN) | 25645 |
| 700 1# - Други автори (авторска отговорност) | |
| Лично име | Vogler, Rudiger |
| Автороска отговорност (Описва отношението между автора и произведението) | darst. |
| 9 (RLIN) | 27435 |
| 852 ## - Местоположение | |
| Форматна сигнатура | Цб CD 3747 |
| Част | 0 |
| 856 4# - Електронен адрес и достъп | |
| Електронен формат | pdf - файл |
| Път до файла /url/ | |
| 856 4# - Електронен адрес и достъп | |
| Електронен формат | pdf - файл |
| Път до файла /url/ | |
| 942 ## - АРТИКУЛИ | |
| Вид на библиотечния материал | Компактдискове |
| Скрит в OPAC | Не |
| 944 ## - СЪЗДАВАНЕ И РЕДАКЦИЯ на ЗАПИСА | |
| Създаване/Редакция | Създаване |
| Дата на регистрацията/редакция | 20.06.2014 |
| Служител, извършил регистрацията/редакцията | 30542 |
| Статус, дата на статуса | Русанова Ирена |
| 944 ## - СЪЗДАВАНЕ И РЕДАКЦИЯ на ЗАПИСА | |
| Създаване/Редакция | Редакция |
| Дата на регистрацията/редакция | 20.06.2014 |
| 999 ## - СИСТЕМНИ КОНТРОЛНИ НОМЕРА | |
| Koha biblionumber | 227274 |
| Koha biblioitemnumber | 227274 |
| 999 ## - СИСТЕМНИ КОНТРОЛНИ НОМЕРА | |
| Koha biblioitemnumber | 227274 |
| Код за отписване | Код за изгубен артикул | Източник на класификационната схема | Код за повреда | Коз за рестрикции | Код за отдаване | Артикулен № | Име на библиотеката - собственик | Име на библиотеката, в която се намира в момента | Статус (Текущо местоположение) | Дата на вписване в системата | Местоположение - отдел | Цена в лева | Инвентарен номер | Систематично азбучна сигнатура | Баркод | Номер на екземпляра | Цена в евро | Служебна бележка | Служебен тип на артикула |
|---|---|---|---|---|---|---|---|---|---|---|---|---|---|---|---|---|---|---|---|
| Не е изгубен | Universal Decimal Classification | Не е повреден | без рестрикции | заемане за дома | 399419 | Регионална библиотека "Любен Каравелов" Русе | Регионална библиотека "Любен Каравелов" Русе | Отдел Изкуство - подръчен фонд | 2000-01-01 | Отдел Изкуство - подръчен фонд | 15.00 | 120000907350 | 791.221/.228/T 87 | 120000907350 | 1 | 7.67 | Дост: DA Вид: А N: стар фонд Дата: 01.01.2000 Съставил: Теодора_Стоянова | Компактдискове |